Contabilidad financiera superior / (Registro nro. 11448)

Detalles MARC
000 -LEADER
fixed length control field 01638nam a2200241Ia 4500
003 - CONTROL NUMBER IDENTIFIER
control field OSt
005 - DATE AND TIME OF LATEST TRANSACTION
control field 20210407122817.0
008 - FIXED-LENGTH DATA ELEMENTS--GENERAL INFORMATION
fixed length control field 210310s2014 ck gr 000 0 spa d
020 ## - INTERNATIONAL STANDARD BOOK NUMBER
International Standard Book Number 9788490820704
040 ## - CATALOGING SOURCE
Original cataloging agency CO-JMCR
Transcribing agency CO-JMCR
041 0# - LANGUAGE CODE
Language code of text/sound track or separate title spa
082 04 - DEWEY DECIMAL CLASSIFICATION NUMBER
Classification number 657 /
Item number L196c
Edition number 23
100 1# - MAIN ENTRY--PERSONAL NAME
Personal name Lallana sotillos, Carlos,
Relator term autor
9 (RLIN) 25546
245 10 - TITLE STATEMENT
Title Contabilidad financiera superior /
Statement of responsibility, etc. Carlos Lallana Sotillos
260 ## - PUBLICATION, DISTRIBUTION, ETC.
Place of publication, distribution, etc. [Bogotá]
Name of publisher, distributor, etc. Argitalpen Zerbitzua,
Date of publication, distribution, etc. 2014.
300 ## - PHYSICAL DESCRIPTION
Other physical details 232 páginas :
Extent ilustraciones en blanco y negro ;
Dimensions 24 cm.
440 ## - SERIES STATEMENT/ADDED ENTRY--TITLE
Title 0
9 (RLIN) 25547
505 0# - FORMATTED CONTENTS NOTE
Formatted contents note Presentación de la asignatura: cuatro preguntas de partida. -- Itinerario para el desarrollo de la asignatura. -- Combinaciones de negocios. -- Permutas. -- Operaciones entre empresas del grupo. -- Empresas del grupo, multigrupo y asociados. -- Fundamentos legales para el desarrollo de la asignatura. -- Los instrumentos financieros. -- Introducción a las operaciones financieras con derivados. -- Introducción a las coberturas contables. -- Tratamiento contable del inmovilizado. -- Unidades generadoras de efectivo (UGE) y valoración posterior del fondo de comercio. -- Tratamiento contable de los impuestos sobre beneficios. -- Comentarios sobre la norma de registro y valoración 11ª. -- Desarrollo practico de la signatura. -- Ejercicios para la evaluación continua. -- Guía para la resolución contable de fusiones societarias. -- Itinerario previsto para las clases teóricas de clase.
650 14 - SUBJECT ADDED ENTRY--TOPICAL TERM
Topical term or geographic name entry element Contabilidad.
9 (RLIN) 25532
650 24 - SUBJECT ADDED ENTRY--TOPICAL TERM
Topical term or geographic name entry element Contabilidad financiera.
9 (RLIN) 36693
650 24 - SUBJECT ADDED ENTRY--TOPICAL TERM
Topical term or geographic name entry element Operaciones financieras.
9 (RLIN) 36694
942 ## - ADDED ENTRY ELEMENTS (KOHA)
Source of classification or shelving scheme Dewey Decimal Classification
Koha item type Books
Existencias
Withdrawn status Lost status Source of classification or shelving scheme Damaged status Not for loan Home library Current library Shelving location Date acquired Source of acquisition Full call number Barcode Date last seen Copy number Price effective from Koha item type
    Dewey Decimal Classification     Biblioteca Pública José María del Castillo y Rada Biblioteca Pública José María del Castillo y Rada General Stacks 04/15/2018 Donación 657 / L196c 430000798 05/16/2024 Ej.1 04/15/2018 Books